| 000 | 01138cab a2200241 4500 | ||
|---|---|---|---|
| 001 | ABS57586 | ||
| 008 | 090401t1997 xxu||||| |||| 00| 0 eng d | ||
| 035 | _a(Sirsi) u81037 | ||
| 041 | _aeng | ||
| 245 | _aYorkshire Traction Co Ltd v SoS Transport and another | ||
| 260 | _c1997 | ||
| 350 | _a0 | ||
| 490 |
_aEstates Gazette _v[1997] 36 EG 165-168(4) |
||
| 520 | _aCA 22 January 1997. Y sought to quash the decision of the SoS confirming a compulsory purchase order for a bus station, required to improve public transport and provide an interchange between buses and trains. The application was refused and Y appealed, contending that the CPO had the effect of inhibiting competition and there was no power to purchase compulsorily a business undertaking. Appeal dismissed. | ||
| 650 | _aBUS STATION | ||
| 650 | _aCOMPULSORY PURCHASE ORDER | ||
| 650 | _aPUBLIC TRANSPORT | ||
| 650 | _aTRANSPORT ACT 1968 | ||
| 650 | _aYORKSHIRE TRACTION CO LTD V SOS TRANSPORT AND ANOTHER | ||
| 690 | _aENVIRONMENTAL AND LAND CONSULTANCY-PLANNING AND DEVELOPMENT-COMPULSORY PURCHASE AND COMPENSATION | ||
| 942 | _n0 | ||
| 948 | _c23/09/1997 | ||
| 999 |
_c51058 _d51058 |
||